Holman student Bible dictionary / (Record no. 9729)

MARC details
000 -LEADER
fixed length control field 00493nam a22001817a 4500
003 - CONTROL NUMBER IDENTIFIER
control field GBCCL
005 - DATE AND TIME OF LATEST TRANSACTION
control field 20241126110717.0
008 - FIXED-LENGTH DATA ELEMENTS--GENERAL INFORMATION
fixed length control field 230627b ||||| |||| 00| 0 eng d
020 ## - INTERNATIONAL STANDARD BOOK NUMBER
International Standard Book Number 1558193405
040 ## - CATALOGING SOURCE
Transcribing agency gbc
082 ## - DEWEY DECIMAL CLASSIFICATION NUMBER
Classification number 220.3
Item number DOC
100 ## - MAIN ENTRY--PERSONAL NAME
Personal name Dockrey, Karen
9 (RLIN) 16904
245 ## - TITLE STATEMENT
Title Holman student Bible dictionary /
Statement of responsibility, etc. Karen Dockrey, Johnnie & Phyllis Godwin
260 ## - PUBLICATION, DISTRIBUTION, ETC.
Place of publication, distribution, etc. Nashville :
Name of publisher, distributor, etc. Holman,
Date of publication, distribution, etc. 1993
300 ## - PHYSICAL DESCRIPTION
Extent 254p. ;
650 ## - SUBJECT ADDED ENTRY--TOPICAL TERM
Topical term or geographic name entry element Bible
Form subdivision dictionary
9 (RLIN) 11935
942 ## - ADDED ENTRY ELEMENTS (KOHA)
Source of classification or shelving scheme Dewey Decimal Classification
Koha item type Reference Books
Holdings
Withdrawn status Lost status Source of classification or shelving scheme Damaged status Not for loan Collection Home library Current Library Shelving location Date acquired Total checkouts Full call number Barcode Date last seen Copy number Price effective from Koha item type
    Dewey Decimal Classification     Biblical Studies GRACE BIBLE COLLEGE GRACE BIBLE COLLEGE Dictionary 2023-06-27   220.3 DOC 016291 2025-05-01 c.1 2023-06-27 Reference Books
© Grace Bible College Library 2025